MARC

LEADER 00000nam0a2200000 4500
001 18132
005 20231101205202.0
010 |a 5211020413 
035 |a (RuTPU)RU\TPU\book\18281 
090 |a 18132 
100 |a 20011209d1993 km y0rusy50 ca 
101 0 |a rus 
102 |a RU 
105 |a y z 000zy 
200 1 |a Пятый рынок. Экономические проблемы производства информации  |f В. Л. Тамбовцев 
210 |a Москва  |c Изд-во Моск. ун-та  |d 1993 
215 |a 127 с. 
606 1 |a Информационный бизнес  |2 stltpush  |3 (RuTPU)RU\TPU\subj\36210  |9 57671 
610 1 |a экономика 
610 1 |a информация 
610 1 |a производство 
610 1 |a услуги 
610 1 |a управление 
610 1 |a коммерция 
610 1 |a культура 
610 1 |a информатика 
686 |a У9(2)39  |v LBC/SL-A  |2 rubbk 
700 1 |a Тамбовцев  |b В. Л.  |g Виталий Леонидович 
801 0 |a RU  |b 63413507  |c 20011209  |g PSBO 
801 2 |a RU  |b 63413507  |c 20220825  |g PSBO 
900 |a Экономика средств массовой информации 
942 |c BK